| 000 | 00419nam a2200157 i 4500 | ||
|---|---|---|---|
| 001 | 71045 | ||
| 003 | ES-MaACL | ||
| 005 | 20230906171012.0 | ||
| 007 | t| | ||
| 008 | 040805s1966 sp ||||1| spa d | ||
| 100 | 1 |
_aGasnier, Michel. _955876 |
|
| 245 | 1 | 0 |
_aSi no te renuncias / _cMichel Gasnier. |
| 260 |
_aMadrid : _bEdiciones Paulinas, _c1966. |
||
| 300 |
_a108 p. ; _c21 cm. |
||
| 852 |
_aES-MaACL _jC-29626 _bR.59911 |
||
| 999 |
_c71045 _d71045 |
||